| 000 | 01384cam a2200325I 4500 | ||
|---|---|---|---|
| 001 | kingjesus00grav | ||
| 003 | CaSfIA | ||
| 005 | 20210118162333.0 | ||
| 007 | cr|||| | ||
| 008 | 721102s1946 nyub 000 1 eng | ||
| 010 | _a 46007142 | ||
| 040 |
_aDLC _cMSC _dOCL _dSER _dOCL _dOCLCQ _dLVB _dOCLCG _dSTF _dAU@ _dBOS _dOCLCQ _dCaSfIA |
||
| 035 | _a(OCoLC)484869 | ||
| 050 | 0 | 0 |
_aBT309 _b.G68 |
| 050 | 1 | 4 |
_aPR6013.R18 _bK6 F46 |
| 082 | 0 | 4 | _a232.993 |
| 100 | 1 |
_aGraves, Robert, _d1895-1985. |
|
| 245 | 1 | 0 |
_aKing Jesus, _h[electronic resource] _cby Robert Graves. |
| 260 |
_aNew York, _bCreative Age Press _c[1946] |
||
| 300 |
_aviii, 424 p. incl. front. (map) _c21 cm. |
||
| 600 | 0 | 0 |
_aJesus Christ _vFiction. |
| 600 | 0 | 6 |
_aJésus-Christ _vRomans, nouvelles, etc. |
| 856 | 4 | 1 |
_uhttp://www.archive.org/details/kingjesus00grav _zFree eBook from the Internet Archive |
| 856 | 4 | 2 |
_uhttp://www.openlibrary.org/books/OL6499497M _zAdditional information and access via Open Library |
| 029 | 1 |
_aAU@ _b000026897661 |
|
| 029 | 1 |
_aZWZ _b015141683 |
|
| 942 | _cEB | ||
| 506 | _fНеобхідна авторизація на https://archive.org/ (створення облікового запису безкоштовно) | ||
| 506 | _fНеобхідна авторизація на https://openlibrary.org/ (створення облікового запису безкоштовно) | ||
| 999 |
_c515946 _d515946 |
||